| 000 | 00788cam a22002174a 4500 | ||
|---|---|---|---|
| 020 | _a0071398759 (pbk. : alk. paper) | ||
| 040 | _cDLC | ||
| 082 | 0 | 0 | _a572 HIL 2003 A060 Or. |
| 245 | 0 | 0 |
_aBiochemistry : _bbased on Schaum's outline of biochemistry, second edition, by Philip W. Kuchel, Ph.D. and Gregory B. Ralston, Ph.D. [and others] / |
| 246 | 1 | 4 | _aBiochemistry crash course |
| 260 |
_aNew York : _bMcGraw-Hill, _cc2003. |
||
| 300 |
_av, 133 p. : _bill. ; _c22 cm. |
||
| 490 | 0 | _aSchaum's outline series | |
| 500 | _aIncludes index. | ||
| 650 | 0 | _aBiochemistry | |
| 650 | 0 | _aBiochemistry | |
| 700 | 1 | _aCullen, Katherine E. | |
| 856 | 4 | 2 | _uhttp://www.loc.gov/catdir/description/mh031/2002012270.html |
| 856 | 4 | 1 | _uhttp://www.loc.gov/catdir/toc/fy033/2002012270.html |
| 942 | _cEK | ||
| 999 |
_c14178 _d14178 |
||